| 000 | 01065cam a2200217 4500 | ||
|---|---|---|---|
| 001 | ABS66700 | ||
| 008 | 030527n2003 000 0 eng u | ||
| 035 | _a(Sirsi) u122410 | ||
| 100 | _aJoyce, A. | ||
| 245 | _aHidden liabilities associated with contaminated land | ||
| 260 | _c2003 | ||
| 490 |
_aCivil Engineering Surveyor _v May 2003, 32-33(2) |
||
| 520 | _aDiscusses the environmental liabilities which come with ownership and occupation of contaminated land. Where remediation is necessary it may be expensive and even lead to negative equity. Management and production time can be lost during clean-up operations, leading to financial difficulties. Provides an overview of the hazards which may be encountered, the possible solutions and the potential results if legislation and documentation such as a land condition record are not followed. | ||
| 590 | _aABS | ||
| 650 | _aLAND CONDITION RECORDS | ||
| 650 | _aENVIRONMENTAL ACT 1995 | ||
| 650 | _aCONTAMINATED LAND | ||
| 650 | _aREMEDIATION | ||
| 690 | _aENVIRONMENT-CONTAMINATION | ||
| 942 | _n0 | ||
| 999 |
_c72760 _d72760 |
||